000 00806nam a2200241 a 4500
001 BRCA_4698
005 20190320204753.0
008 011010s1930----sp-a######---#000-0#spa-#
041 _aspa
044 _asp
050 4 _aN6502
_b.A66 2 1930
245 1 0 _aAportación al estudio de la cultura española en las Indias
_bexposición : catálogo general ilustrado
_cSociedad Española de Amigos del Arte.
260 _aMadrid
_bEspasa Calpe
_c1930
300 _a103 p.
_bil., 63 láminas, mapas
_c33 cm.
500 _aCatálogo de la exposición realizada en Madrid, mayo-junio, 1930
500 _aEjemplar igual a B227
500 _aCFG16
650 1 4 _aArte Latinoamericano
_99242
651 4 _aAmérica Latina
_99147
651 4 _aEspaña
_xColonias
_zAmérica
_92838
902 _aGFM
942 _2lcc
_cB
999 _c4398
_d4398